Mathematical Methods in Chemical Ingineering V.3
| Main Authors: | , |
|---|---|
| Format: | Section = Libro |
| Language: | Undetermined Spanish |
| Published: |
New York
Prentice Hall
1974
|
| Subjects: |
| LEADER | 00661nam a2200229Ia 4500 | ||
|---|---|---|---|
| 008 | 240830s9999 xx 000 0 und d | ||
| 020 | |a 0-13-561118-0 | ||
| 040 | |a CEDOC FIQ-RUSB / 511 S461 | ||
| 041 | |a spa | ||
| 082 | |a 511 S461 | ||
| 100 | 1 | |a Seinfeld, John H. | |
| 100 | 1 | |b Lapidus, Leon | |
| 245 | 1 | 0 | |a Mathematical Methods in Chemical Ingineering V.3 |
| 260 | |a New York |b Prentice Hall |c 1974 | ||
| 300 | |a 545 p.: il. | ||
| 650 | 7 | |a ANÁLISIS NÚMERICO | |
| 650 | 7 | |b TIPOS DE MODELOS DE PROCESOS | |
| 650 | 7 | |c LA TRANSFORMADA DE LAPLACE | |
| 650 | 7 | |d IDENTIFICACIÓN DE PROCESOS: SISTEMAS LINEALES | |
| 942 | |c BK |2 ddc | ||
| 991 | |a TEXTO | ||
| 999 | |c 27088 | ||